Chemical engineering kinetics (Record no. 6589)

000 -LEADER
fixed length control field 00510nam a2200193 4500
001 - CONTROL NUMBER
control field 6589
003 - CONTROL NUMBER IDENTIFIER
control field BD-DhUET
008 - FIXED-LENGTH DATA ELEMENTS--GENERAL INFORMATION
fixed length control field 700825s1970 nyua b 001 0 eng
040 ## - CATALOGING SOURCE
Transcribing agency 0
Modifying agency BD-DhUET
Original cataloging agency DLC
082 00 - DEWEY DECIMAL CLASSIFICATION NUMBER
Classification number 541.39
Item number SMI/1970
100 ## - MAIN ENTRY--PERSONAL NAME
Personal name Smith, J. M.
245 10 - TITLE STATEMENT
Title Chemical engineering kinetics
250 ## - EDITION STATEMENT
Edition statement 2nd ed.
260 ## - PUBLICATION, DISTRIBUTION, ETC. (IMPRINT)
Place of publication, distribution, etc. New York
Name of publisher, distributor, etc. McGraw-Hill
Date of publication, distribution, etc. 1970
300 ## - PHYSICAL DESCRIPTION
Extent xviii, 612p.
Other physical details ill.
490 0# - SERIES STATEMENT
Series statement McGraw-Hill chemical engineering series
650 #0 - SUBJECT ADDED ENTRY--TOPICAL TERM
Topical term or geographic name as entry element Kinetics : Physical chemistry
942 ## - ADDED ENTRY ELEMENTS (KOHA)
Koha item type General Book
Holdings
Damaged status Koha item type Copy number Sublocation or collection (holding branch) Price effective from Location (home branch) Koha date last seen Date acquired Koha normalized classification for sorting Withdrawn status Not for loan Shelving location Piece designation (barcode) Koha full call number Lost status Source of classification or shelving scheme
 General Book1Central Library, BUET2014-12-04Central Library, BUET2014-12-042014-12-04541_390000000000000_SMI_1970  Circulation section84576541.39/SMI/1970  
 General Book2Central Library, BUET2014-12-12Central Library, BUET2014-12-122014-12-12541_390000000000000_SMI_1970  Circulation section29865541.39/SMI/1970  
 General Book3Central Library, BUET2014-12-12Central Library, BUET2014-12-122014-12-12541_390000000000000_SMI_1970  Circulation section29867541.39/SMI/1970  
 General Book4Central Library, BUET2014-12-12Central Library, BUET2014-12-122014-12-12541_390000000000000_SMI_1970  Circulation section29863541.39/SMI/1970  
 General Book5Central Library, BUET2015-03-11Central Library, BUET2015-03-112015-03-11541_390000000000000_SMI_1970  Circulation section29871541.39/SMI/1970  
 General Book6Central Library, BUET2015-03-14Central Library, BUET2015-03-142015-03-14541_390000000000000_SMI_1970  Circulation section29868541.39/SMI/1970  
 General Book7Central Library, BUET2015-03-14Central Library, BUET2015-03-142015-03-14541_390000000000000_SMI_1970  Circulation section37045541.39/SMI/1970  
 General Book8Central Library, BUET2015-04-23Central Library, BUET2015-04-232015-04-23541_390000000000000_SMI_1970  Circulation section29869541.39/SMI/1970  
 General Book9Central Library, BUET2015-04-23Central Library, BUET2015-04-232015-04-23541_390000000000000_SMI_1970  Circulation section29859541.39/SMI/1970  
 General Book10Central Library, BUET2015-04-26Central Library, BUET2015-04-262015-04-26541_390000000000000_SMI_1970  Circulation section29870541.39/SMI/1970  
 General Book11Central Library, BUET2015-04-26Central Library, BUET2015-04-262015-04-26541_390000000000000_SMI_1970  Circulation section29861541.39/SMI/1970  
 General Book12Central Library, BUET2015-04-27Central Library, BUET2015-04-272015-04-27541_390000000000000_SMI_1970  Circulation section25967541.39/SMI/1970  
 General Book13Central Library, BUET2015-04-27Central Library, BUET2015-04-272015-04-27541_390000000000000_SMI_1970  Circulation section29860541.39/SMI/1970  
 Reading Item14Central Library, BUET2015-06-08Central Library, BUET2015-06-082015-06-08541_390000000000000_SMI_1970  Reading section29862541.39/SMI/1970  
 Reading Item15Central Library, BUET2015-06-08Central Library, BUET2015-06-082015-06-08541_390000000000000_SMI_1970  Reading section29866541.39/SMI/1970  
 Reading Item16Central Library, BUET2015-06-08Central Library, BUET2015-06-082015-06-08541_390000000000000_SMI_1970  Reading section29872541.39/SMI/1970  
 Reading Item17Central Library, BUET2015-06-08Central Library, BUET2015-06-082015-06-08541_390000000000000_SMI_1970  Reading section29864541.39/SMI/1970